| 000 | 01760nam a2200421Ia 4500 | ||
|---|---|---|---|
| 001 | ebr10447171 | ||
| 003 | CaPaEBR | ||
| 006 | m u | ||
| 007 | cr cn||||||||| | ||
| 008 | 060908s2007 txuab sb s001 0 eng d | ||
| 010 | _z 2006029780 | ||
| 020 | _z1585445762 (flexbound : alk. paper) | ||
| 020 | _z9781585445769 (flexbound : alk. paper) | ||
| 040 |
_aCaPaEBR _cCaPaEBR |
||
| 035 | _a(OCoLC)708568310 | ||
| 050 | 1 | 4 |
_aQL668.E2 _bD38 2007eb |
| 082 | 0 | 4 |
_a597.809764/932 _222 |
| 100 | 1 |
_aDayton, Gage H., _d1972- |
|
| 245 | 1 | 0 |
_aFrogs and toads of Big Bend National Park _h[electronic resource] / _cGage H. Dayton, Raymond Skiles & Linnea B. Dayton. |
| 246 | 3 | _aFrogs & toads of Big Bend National Park | |
| 250 | _a1st ed. | ||
| 260 |
_aCollege Station : _bTexas A&M University Press, _cc2007. |
||
| 300 |
_a51 p. : _bcol. ill., col. map. |
||
| 490 | 1 |
_aW.L. Moody, Jr., natural history series ; _vno. 36 |
|
| 490 | 1 | _aATxM nature guides | |
| 504 | _aIncludes bibliographical references (p. 45-46) and index. | ||
| 533 |
_aElectronic reproduction. _bPalo Alto, Calif. : _cebrary, _d2013. _nAvailable via World Wide Web. _nAccess may be limited to ebrary affiliated libraries. |
||
| 650 | 0 |
_aFrogs _zTexas _zBig Bend National Park _vIdentification. |
|
| 650 | 0 |
_aToads _zTexas _zBig Bend National Park _vIdentification. |
|
| 651 | 0 | _aBig Bend National Park (Tex.) | |
| 655 | 7 |
_aElectronic books. _2local |
|
| 700 | 1 | _aSkiles, Raymond. | |
| 700 | 1 | _aDayton, Linnea B. | |
| 710 | 2 | _aebrary, Inc. | |
| 830 | 0 | _aTAM nature guides. | |
| 830 | 0 |
_aW.L. Moody, Jr., natural history series ; _vno. 36. |
|
| 856 | 4 | 0 |
_uhttp://site.ebrary.com/lib/rucke/Doc?id=10447171 _zAn electronic book accessible through the World Wide Web; click to view |
| 999 |
_c136738 _d136738 |
||